5HLuxD.jpg

KING HENRY VIII SENIOR AND PRIMARY SCHOOL LIBRARY OPAC

Gangsta granny / (Record no. 24)

000 -LEADER
fixed length control field 00808cam a2200277 a 4500
001 - CONTROL NUMBER
control field 588599
003 - CONTROL NUMBER IDENTIFIER
control field OSt
005 - DATE AND TIME OF LATEST TRANSACTION
control field 20190828145512.0
008 - FIXED-LENGTH DATA ELEMENTS--GENERAL INFORMATION
fixed length control field 180326s2012 enka j 000 1 eng d
020 ## - INTERNATIONAL STANDARD BOOK NUMBER
International Standard Book Number 9780007371464
020 ## - INTERNATIONAL STANDARD BOOK NUMBER
International Standard Book Number 9780008284930
Qualifying information Box set
040 ## - CATALOGING SOURCE
Original cataloging agency TWNTU
Language of cataloging eng
Transcribing agency KH8
041 0# - LANGUAGE CODE
Language code of text/sound track or separate title eng
042 ## - AUTHENTICATION CODE
Authentication code nbic
082 04 - DEWEY DECIMAL CLASSIFICATION NUMBER
Classification number FIC WAL
Edition number 23
099 ## - LOCAL FREE-TEXT CALL NUMBER (OCLC)
Classification number 846E
100 1# - MAIN ENTRY--PERSONAL NAME
Personal name Walliams, David,
Dates associated with a name 1971-
Relator term Author
245 10 - TITLE STATEMENT
Title Gangsta granny /
Statement of responsibility, etc. David Walliams ; illustrated by Tony Ross.
260 ## - PUBLICATION, DISTRIBUTION, ETC.
Place of publication, distribution, etc. London :
Name of publisher, distributor, etc. HarperCollins Children's Books,
Date of publication, distribution, etc. 2012.
300 ## - PHYSICAL DESCRIPTION
Extent 296 p. :
Other physical details ill. ;
Dimensions 20 cm.
650 #0 - SUBJECT ADDED ENTRY--TOPICAL TERM
Topical term or geographic name entry element Grandparent and child
Form subdivision Juvenile fiction.
650 #0 - SUBJECT ADDED ENTRY--TOPICAL TERM
Topical term or geographic name entry element Jewel thieves
Form subdivision Juvenile fiction.
650 #0 - SUBJECT ADDED ENTRY--TOPICAL TERM
Topical term or geographic name entry element Crown jewels
Form subdivision Juvenile fiction.
700 1# - ADDED ENTRY--PERSONAL NAME
Personal name Ross, Tony.
Relator term Illustrator
942 ## - ADDED ENTRY ELEMENTS (KOHA)
Source of classification or shelving scheme
Koha item type Books - Fiction
Holdings
Withdrawn status Lost status Source of classification or shelving scheme Damaged status Not for loan Collection code Permanent Location Current Location Shelving location Date acquired Total Checkouts Full call number Barcode Date last seen Date last checked out Copy number Price effective from Koha item type Total Renewals Date due
      Damaged   Fiction KH8 Senior School Library KH8 Senior School Library Fiction 2019-07-24 5 FIC WAL 3KHSL000101297 2023-06-15 2023-06-15 1 2019-07-24 Books - Fiction    
          Fiction KH8 Senior School Library KH8 Senior School Library Fiction 2019-12-06 6 FIC WAL 3KHSL000101500 2026-01-15 2026-01-15 2 2019-12-06 Books - Fiction 2 2026-02-01
          Fiction KH8 Senior School Library KH8 Senior School Library Fiction 2025-09-02 1 FIC WAL 3KHSL000102345 2025-10-27 2025-09-30   2025-09-02 Books - Fiction    

Powered By KH8 IT Dept